Les prénoms composés avec "Marie" pour filles - Statistiques

Statistiques générales
  • Ce quiz a été pris 559 fois
    476 depuis la dernière actualisation
  • Le résultat moyen est 30 sur 103
Statistiques - réponses
INITIALES PRENOM % Correct
AM Anne-Marie
92%
MA Marie-Anne
74%
MJ Marie-Jeanne
72%
ML Marie-Lou
66%
MF Marie-France
60%
JM Jeanne-Marie
59%
ML Marie-Louise
57%
MF Marie-Françoise
55%
MC Marie-Claude
53%
ML Marie-Laure
51%
MP Marie-Paule
51%
MP Marie-Pierre
51%
MT Marie-Thérèse
51%
MH Marie-Hélène
50%
MC Marie-Christine
49%
MC Marie-Claire
47%
MJ Marie-Julie
47%
MR Marie-Rose
46%
MS Marie-Sophie
46%
MA Marie-Ange
44%
MA Marie-Antoinette
43%
MM Marie-Madeleine
41%
RM Rose-Marie
41%
LM Louise-Marie
40%
MC Marie-Charlotte
39%
MD Marie-Dominique
39%
MY Marie-Yvonne
37%
MA Marie-Alice
35%
MA Marie-Amélie
34%
ME Marie-Emilie
34%
ML Marie-Line
34%
ML Marie-Lucie
34%
MC Marie-Camille
32%
MI Marie-Isabelle
32%
ML Marie-Lise
32%
MC Marie-Cécile
31%
MA Marie-Aude
30%
ME Marie-Eve
30%
MB Marie-Béatrice
29%
MB Marie-Bernadette
29%
MC Marie-Catherine
29%
MF Marie-Flore
29%
MJ Marie-Joseph
29%
MO Marie-Odile
29%
MC Marie-Céline
28%
ME Marie-Elise
28%
MS Marie-Sylvie
28%
CM Claire-Marie
27%
MA Marie-Andrée
27%
MC Marie-Caroline
27%
MN Marie-Noëlle
27%
MA Marie-Annie
26%
MD Marie-Danielle
26%
MG Marie-Gabrielle
26%
MJ Marie-Josée
26%
MP Marie-Pascale
26%
MV Marie-Véronique
26%
MA Marie-Agnès
25%
MC Marie-Chantal
25%
MM Marie-Michelle
25%
MR Marie-Renée
24%
MA Marie-Aline
23%
ML Marie-Laurence
23%
ML Marie-Luce
23%
MB Marie-Brigitte
22%
ME Marie-Elisabeth
22%
MJ Marie-Joséphine
22%
MA Marie-Annick
21%
MC Marie-Christiane
21%
MM Marie-Martine
21%
LM Lise-Marie
20%
MB Marie-Blanche
20%
MH Marie-Henriette
20%
MJ Marie-Joëlle
20%
MA Marie-Angèle
19%
MA Marie-Aure
19%
MC Marie-Claudine
19%
MM Marie-Marguerite
19%
MS Marie-Sarah
19%
AM Ange-Marie
18%
MJ Marie-Josette
18%
MR Marie-Reine
16%
MB Marie-Bénédicte
15%
ME Marie-Emmanuelle
15%
ME Marie-Estelle
14%
MM Marie-Michèle
14%
MA Marie-Aurore
13%
MG Marie-Geneviève
13%
ML Marie-Lyne
12%
ML Marie-Lys
11%
MA Marie-Aimée
10%
MA Marie-Alix
10%
MA Marie-Astrid
10%
ME Marie-Edith
10%
MJ Marie-Josèphe
10%
MC Marie-Carmen
7%
MM Marguerite-Marie
4%
ML Marie-Liesse
3%
ML Marie-Lisette
2%
MM Marie-Manuelle
2%
MP Marie-Pia
2%
MG Marie-Guislaine
1%
MM Marie-Magdeleine
1%
Aucun quiz correspondant
Distribution des résultats
% des personnes avec chaque résultat
Percentile par nombre de réponses
Votre historique - résultats
Vous n’avez pas pris ce quiz depuis la dernière actualisation